书目信息 |
| 题名: |
软边缘
|
|
| 作者: | 莱文森, 著 ;熊澄宇 译 | |
| 分册: | ||
| 出版信息: | 北京 清华大学出版社 2002.04 |
|
| 页数: | 16,244页 | |
| 开本: | 23cm | |
| 丛书名: | 清华传播译丛 | |
| 单 册: | ||
| 中图分类: | G202 | |
| 科图分类: | ||
| 主题词: | 传播学 , 信息学 | |
| 电子资源: | ||
| ISBN: | 7-302-05191-7 | |
| 000 | 01469nam2 2200361 450 | |
| 001 | 0104452005 | |
| 005 | 20050821143310.50 | |
| 010 | @a7-302-05191-7@dCNY25.00 | |
| 100 | @a20031222d2002 ekmy0chiy0120 ea | |
| 101 | 1 | @achi@ceng |
| 102 | @aCN@b110000 | |
| 105 | @ay a 000yy | |
| 200 | 1 | @a软边缘@ARuan Bian Yuan@e信息革命的历史与未来@f(美) 保罗·利文森著@F(mei)bao luo·li wen sen zhu@g熊澄宇等译@Gxiong cheng yu deng yi@zeng |
| 210 | @a北京@c清华大学出版社@d2002.04 | |
| 215 | @a16,244页@d23cm | |
| 225 | 2 | @a清华传播译丛 |
| 305 | @a据Routledge 1998年重印本翻译,作者Paul Levinson授权出版。 | |
| 305 | @a据Routledge 1998年重印本译出。 | |
| 306 | @a中文版专有出版权由作者授予清华大学出版社。 | |
| 312 | @a版权页并列题名: The soft edge : a natural history and future of the information revolution | |
| 314 | @a责任者规范汉译姓 : 莱文森。 | |
| 320 | @a有书目 (第227-243页)。 | |
| 330 | @a本书讲述文字、印刷、摄影、电报、电话、广播、电影、电视、录象机、文字处理器、在线出版、超媒体、万维网等。 | |
| 333 | @a可供高等院校信息科学、传播学等课程作为参考教材,亦可作为相关领域的大众读物。 | |
| 410 | 0 | @12001 @a清华传播译丛 |
| 510 | 1 | @aSoft edge@ea natural history and future of the information revolution@zeng |
| 606 | 0 | @a传播学 |
| 606 | 0 | @a信息学 |
| 690 | @aG202@v4 | |
| 701 | 1 | @a莱文森,@Alai wen sen,@bP.@g(Levinson, Paul)@4著 |
| 702 | 0 | @a熊澄宇@Axiong cheng yu@4译 |
| 801 | 0 | @aCN@bQSSK@c20050821 |
| 905 | @a10447@dG202@eL028 | |
| 软边缘:信息革命的历史与未来/(美) 保罗·利文森著/熊澄宇等译.-北京:清华大学出版社,2002.04 |
| 16,244页;23cm.-(清华传播译丛) |
| 使用对象:可供高等院校信息科学、传播学等课程作为参考教材,亦可作为相关领域的大众读物。 |
| ISBN 7-302-05191-7:CNY25.00 |
| 本书讲述文字、印刷、摄影、电报、电话、广播、电影、电视、录象机、文字处理器、在线出版、超媒体、万维网等。 |
| ● |
| 相关链接 |
|
|
|
正题名:软边缘
索取号:G202/L028
 
预约/预借
| 序号 | 登录号 | 条形码 | 馆藏地/架位号 | 状态 | 备注 |
| 1 | 561755 | 205617554 | 社科二线422/409社科库 56排7列1层/ [索取号:G202/L028] | 在馆 | |
| 2 | 561756 | 205617563 | 社科二线422/409社科库 56排7列1层/ [索取号:G202/L028] | 在馆 | |
| 3 | 561757 | 205617572 | 社科库409/409社科库 56排7列1层/ [索取号:G202/L028] | 在馆 |